<?xml version="1.0" encoding="UTF-8"?>
<collection xmlns="http://www.loc.gov/MARC21/slim">
 <record>
  <leader>00515pamaa2200145   4500</leader>
  <controlfield tag="001">0000034205</controlfield>
  <controlfield tag="005">20110107090000.0</controlfield>
  <datafield tag="020" ind1="0" ind2="0">
   <subfield code="a">[Nil] </subfield>
  </datafield>
  <datafield tag="090" ind1="0" ind2="0">
   <subfield code="a">TK2781 </subfield>
   <subfield code="b">LEV 2002</subfield>
  </datafield>
  <datafield tag="100" ind1="1" ind2="0">
   <subfield code="a">LEVI </subfield>
  </datafield>
  <datafield tag="245" ind1="1" ind2="0">
   <subfield code="a">Continuing professional development on : </subfield>
   <subfield code="b">energy efficient AC drives  </subfield>
   <subfield code="c">Professor Emil Levi.</subfield>
  </datafield>
  <datafield tag="260" ind1="0" ind2="0">
   <subfield code="a">Kuala Lumpur: </subfield>
   <subfield code="b">Applied Technology Group, </subfield>
   <subfield code="c">2002.</subfield>
  </datafield>
  <datafield tag="300" ind1=" " ind2=" ">
   <subfield code="a">various pages,: </subfield>
   <subfield code="b">ill.; </subfield>
   <subfield code="c">30cm.</subfield>
  </datafield>
  <datafield tag="500" ind1="0" ind2="0">
   <subfield code="a">Seminar was held at JW Marriott Hotel Kuala Lumpur on 18 an 19 July 2002</subfield>
  </datafield>
  <datafield tag="650" ind1="0" ind2="0">
   <subfield code="a">Engineering -- </subfield>
   <subfield code="x">Electrical </subfield>
  </datafield>
 </record>
</collection>
